000 01151nam a22003377a 4500
003 CHAP
005 20220817042935.0
008 971013c19831978 r 00010 d
010 _a60569
011 _a61541
035 _a65707
040 _cCHAP
082 _a630.215
_bF75
100 0 0 _aFrissel, M. J.
_eed.
_943493
245 _aCycling of mineral nutrients in agricultural ecosystems
260 _aAmsterdam :
_bElsevier,
_c1983 (c. 1978)
300 _a356 p.
_b; mapas ; gráfs.
490 _aDevelopments in agricultural and managed-forest ecology
_v; 3
590 _aBATCH-UPD
_b10
_c20130110
_lUCH01
_h1421
590 _aBATCH-UPD
_b10
_c20130410
_lUCH01
_h0903
590 _aBATCH-UPD
_b10
_c20130913
_lUCH01
_h1826
590 _aCONVERSION
_b10
_c20130109
_lUCH01
_h1333
650 1 4 _aAbonos.
_9235
650 1 4 _aBiogeoquímica.
_912745
650 1 4 _aEcología agrícola.
_935165
650 1 4 _aFertilizantes nitrogenados.
_940596
830 0 _aDevelopments in agricultural and managed - forest ecology
_v; 3
901 _aBK
942 _cLIBRO
949 _a630.215 F75
_bBC
_cLIBRO
_d33724000548939
_eLIBRO
_gI.136147
_h70766
_i65707
_si
_t60.84
999 _c60569
_d60569